LDR 00669naa#a2200181#i#450# 001 EN\\bibl\116327 005 20260514003551.4 011 ## _a3034-6703 100 ## _a20260331b2026####ek#y0engy0150####ca 102 ## _aRU 200 1# _aSynthesis of the assembly approach and evolutionary optimization in solving the inverse problem of gravimetry _eJournal article 210 1# _aMoscow _cAssociation of Geologists, Geophysicists and Engineers _d2026 215 ## _a10 с. 608 ## _aJournal article _2local 675 ## _aГеофизика. 550.3 _aОбщие вопросы. 550.31 _z 700 #1 _aDolgal' _gAleksandr Sergeevich 700 #1 _aRyzhov _gNikita Valer'evich 856 4# _aagge-vestnik.ru _u